| 000 | 00433nam a22001457a 4500 | ||
|---|---|---|---|
| 999 |
_c7757 _d7755 |
||
| 005 | 20210324163153.0 | ||
| 008 | 210324b ||||| |||| 00| 0 eng d | ||
| 082 | _a345.408 23 | ||
| 100 |
_aMANOHAR AND CHITALEY _96503 |
||
| 245 | _aTHE AIR MANUAL CIVIL AND CRIMINAL FAMALY COURTS AC(1984) TO FINANCE ACT (2011) VOL-24, | ||
| 260 |
_aNAGPUR _bTHE ALL INDIA REPORTER PVT.LTD. |
||
| 300 | _a1308,p | ||
| 650 |
_aLAW _95701 |
||
| 942 | _cJRL | ||